000 00295nam a2200133 4500
008 190305b xxu||||| |||| 00| 0 eng d
020 _a2740322128195
041 _aeng
080 _27th
_a371
100 _a46
101 _aEDU
245 _aLearning and Behavior
_cChance,P
942 _2ddc
_cBK
999 _c54577
_d54577